000 00593nam a2200181Ia 4500
003 GCL
008 140319s9999 xx 000 0 ara d
040 _aGCL /
_cGCL
082 0 4 _a237
_bز ج
100 1 _aزين الدين ابى الفرج الحنبلى
245 1 0 _aجامع العلوم والحكمه فى شرح خمسين حديثا من جوامع الكلم /
_cزين الدين ابى الفرج الحنبلى
260 _a[S.N] :
_bدار المنار ،
_c1992
300 _a504 ص
490 _a
650 0 4 _aالحديث
650 0 4 _aتفاسير
942 _2ddc
_cBK
999 _c33974
_d33974